Traduction fruits et légumes en français - Statistiques

Statistiques générales
  • Ce quiz a été pris 206 fois
  • Le résultat moyen est 8 sur 15
Statistiques - réponses
Fruits et Légumes Nom en français % Correct
grape raisin
99%
watermelon pasteque
97%
spinach épinard
90%
garlic ail
78%
blackberry mure
74%
hazelnut noisette
66%
eggplant aubergine
61%
zucchini courgette
61%
cauliflower chou-fleur
58%
tangerine mandarine
39%
grapefruit pamplemousse
35%
leeks poireau
30%
plum prune
30%
turnip navet
21%
yams patate douce
5%
Aucun quiz correspondant
Distribution des résultats
% des personnes avec chaque résultat
Percentile par nombre de réponses
Votre historique - résultats
Vous n’avez pas pris ce quiz